00513nam a22001577a 450000500170000001000150001702000260003203500140005803700130007208200080008510000140009324500770010726000290018427001140021330000280032720200805145338.0 aENG-128314 c950.00a9789352836093 aEN-111846 bDBAD/PUB a541 aBahl,Arun aEssentials of Physical Chemistry/cby Arun Bahl, B S Bahl [and] G D Tuli aNew DelhibS.Chandc2019 aHead Office:7361,Ram Nagar,Qutab RordbNew Delhie110055k23672080l91-11-23677446minfo@schandpublishing.com axviii;1222p.c24cm(pbk)